000 00491nam a2200169 i 4500
001 146928
003 ES-MaACL
005 20250531063034.0
007 t|
008 070919s1972 sp ||||1| spa d
100 1 _aTudela, Mariano,
_d1925-2001
_9111632
245 1 0 _aValle-Inclán
_b: vida y milagros /
_cMariano Tudela.
260 _aMadrid :
_bVassallo de Mumbert,
_c[1972]
300 _a270 p. ;
_c20 cm.
852 _aES-MaACL
_jC-44838
_bR.83923
999 _c146928
_d146928